000 00442cam a2200181ua 4500
020 _c15.00
041 _aeng
_h
082 _a690
_bMOO/TE
100 _aMoorthy, N.K.R .
245 _aText book of building construction /
_cN.K.R.Moorthy.
_hTextual Documents
250 _a1 /
_b.
260 _aPoona :
_bAllies book stall ,
_c1957.
300 _a593 ; .
365 _a15.00
504 _a
942 _cBK
999 _c1611
_d1611